000
00301nam a22001337a 4500
008
181008b xxu||||| |||| 00| 0 eng d
020
_a
9780805353365
041
_a
eng
080
_a
611
100
_a
7
101
_a
ANA
245
_a
A brief Atlas of the Human Body
_c
Hutchison,M
942
_2
udc
_c
BK
999
_c
48989
_d
48989